Poseidon (Record no. 16121)

MARC details
000 -LEADER
fixed length control field 02132nam a22003977a 4500
003 - CONTROL NUMBER IDENTIFIER
control field dpl
005 - DATE AND TIME OF LATEST TRANSACTION
control field 2008090303483.0
007 - PHYSICAL DESCRIPTION FIXED FIELD--GENERAL INFORMATION
fixed length control field DVD
008 - FIXED-LENGTH DATA ELEMENTS--GENERAL INFORMATION
fixed length control field 050907s2005 cau105 g 00| 0 eng d
010 ## - LIBRARY OF CONGRESS CONTROL NUMBER
LC control number DVD-000814-815 DVD-001083
024 ## - OTHER STANDARD IDENTIFIER
Standard number or code 73658
Terms of availability 599.00
035 ## - SYSTEM CONTROL NUMBER
System control number DVD-000814-815 DVD-001083
040 ## - CATALOGING SOURCE
Original cataloging agency DPL
Transcribing agency DPL
092 ## - LOCALLY ASSIGNED DEWEY CALL NUMBER (OCLC)
Classification number DVD / POSE
245 ## - TITLE STATEMENT
Title Poseidon
Medium [videorecording] DVD /
Statement of responsibility, etc Warner Entertainment Company
260 ## - PUBLICATION, DISTRIBUTION, ETC. (IMPRINT)
Name of publisher, distributor, etc Sa Re Ga Ma India Ltd.
300 ## - PHYSICAL DESCRIPTION
Extent 1 videocassette
Other physical details sd., col. ;
Dimensions 4-3/4 in.
Type of unit DVD
440 ## - SERIES STATEMENT/ADDED ENTRY--TITLE
Title Sa Re Ga Ma Home Video
500 ## - GENERAL NOTE
General note "A Non Stop Action Film"
500 ## - GENERAL NOTE
General note Special Features: Poseidon: A ship on a soundstage: The complexities of Making a Modern Adventure Movie, Theatrical Trailer<br/>
508 ## - CREATION/PRODUCTION CREDITS NOTE
Creation/production credits note Director of photography, Oliver Wood ; art directors, Shepherd Frankel, Don Macaulay ; editor, William Hoy ; music, Miri Ben-Ari, John Ottman ; costume designer, Jose Fernandez, Wendy Partridge ; production designer, Bill Boes ; visual effects supervisors
538 ## - SYSTEM DETAILS NOTE
System details note Dolby digital 5.1, English Subtitles in English
538 ## - SYSTEM DETAILS NOTE
System details note Aspect Ratio 1:85.1,Presentation Type: Wide Screen, Presentation Size: 16x9, Format: DVD 9 Dual Layer Single Sided Disc. Layer Transition may trigger a slight pause.
650 ## - SUBJECT ADDED ENTRY--TOPICAL TERM
Topical term or geographic name as entry element Motion Picture
700 ## - ADDED ENTRY--PERSONAL NAME
Personal name Russell, Kurt
700 ## - ADDED ENTRY--PERSONAL NAME
Personal name Lucas, Josh
700 ## - ADDED ENTRY--PERSONAL NAME
Personal name Dreyfuss, Richard
700 ## - ADDED ENTRY--PERSONAL NAME
Personal name Rossum, Emmy
700 ## - ADDED ENTRY--PERSONAL NAME
Personal name Barrett, Jacinda
700 ## - ADDED ENTRY--PERSONAL NAME
Personal name Vogel, Mike
942 ## - ADDED ENTRY ELEMENTS (KOHA)
Koha item type CD-ROMs, DVDs, VHS
Source of classification or shelving scheme Dewey Decimal Classification
Classification part DVD
Call number suffix POSE
Holdings
Withdrawn status Lost status Source of classification or shelving scheme Damaged status Not for loan Home library Current library Date acquired Source of acquisition Cost, normal purchase price Total Checkouts Full call number Barcode Date last seen Date checked out Copy number Cost, replacement price Price effective from Koha item type Total Renewals
    Dewey Decimal Classification     Central Library Central Library 01/10/2008 Purchase 599.00 29 DVD POSE DVD-000814 01/09/2014 21/08/2014 1 599.00 01/10/2008 CD-ROMs, DVDs, VHS  
    Dewey Decimal Classification     Patel Nagar Patel Nagar 20/10/2008 Purchase 599.00 28 DVD POSE DVD-001083 19/09/2013 09/09/2013 1 599.00 20/10/2008 CD-ROMs, DVDs, VHS 1
    Dewey Decimal Classification     Sarojini Nagar Sarojini Nagar 01/10/2008 Purchase 599.00 38 DVD POSE DVD-000815 27/01/2016 22/01/2016 1 599.00 01/10/2008 CD-ROMs, DVDs, VHS 2

© Delhi Public Library
Hit Counter
free hit counter